000 00314nam a22001337a 4500
008 180924b xxu||||| |||| 00| 0 eng d
020 _a0397503695
041 _aeng
080 _a610
100 _a3
101 _aSHM
245 _aRespiratory Care A Guide To Clinical Practice
_cBurton.H
942 _2udc
_cBK
999 _c48305
_d48305